Report on boring for oil in Egypt, (Record no. 26446)

MARC details
000 -LEADER
fixed length control field 01123cam a22003011 4500
001 - CONTROL NUMBER
control field gs 26000124
003 - CONTROL NUMBER IDENTIFIER
control field DLC
005 - DATE AND TIME OF LATEST TRANSACTION
control field 20260227111330.0
008 - FIXED-LENGTH DATA ELEMENTS--GENERAL INFORMATION
fixed length control field 840807m19251931ua abf f001 0 eng
010 ## - LIBRARY OF CONGRESS CONTROL NUMBER
LC control number gs 26000124
035 ## - SYSTEM CONTROL NUMBER
System control number (OCoLC)11026918
040 ## - CATALOGING SOURCE
Original cataloging agency DLC
Transcribing agency MCM
Modifying agency DLC
042 ## - AUTHENTICATION CODE
Authentication code premarc
043 ## - GEOGRAPHIC AREA CODE
Geographic area code f-ua---
050 00 - LIBRARY OF CONGRESS CALL NUMBER
Classification number TN877.E5
Item number B6
082 ## - DEWEY DECIMAL CLASSIFICATION NUMBER
Classification number 553.280962
100 1# - MAIN ENTRY--PERSONAL NAME
Personal name Bowman, Thomas Sutton.
245 10 - TITLE STATEMENT
Title Report on boring for oil in Egypt,
Statement of responsibility, etc. by T. Sutton Bowman.
260 ## - PUBLICATION, DISTRIBUTION, ETC.
Place of publication, distribution, etc. Cairo,
Name of publisher, distributor, etc. Government Press,
Date of publication, distribution, etc. 1925-31.
300 ## - PHYSICAL DESCRIPTION
Extent 3 v.
Other physical details plates, maps, tables, diagrs.
Dimensions 27 cm.
500 ## - GENERAL NOTE
General note At head of title: Ministry of Finance, Egypt. Mines and Quarries Department.
500 ## - GENERAL NOTE
General note The plates, maps, diagrs. and part of the tables are folded.
505 0# - FORMATTED CONTENTS NOTE
Formatted contents note Sect. I. Government petroleum research operation, 1925.--Sect. II. Sinai, 1926.--Sect. III. Eastern desert and adjoining islands (With index to Sect. I-III), 1931.
650 #0 - SUBJECT ADDED ENTRY--TOPICAL TERM
Topical term or geographic name entry element Petroleum
Geographic subdivision Egypt.
650 #0 - SUBJECT ADDED ENTRY--TOPICAL TERM
Topical term or geographic name entry element Petroleum research
Geographic subdivision Egypt.
650 #0 - SUBJECT ADDED ENTRY--TOPICAL TERM
Topical term or geographic name entry element Geology
Geographic subdivision Egypt.
710 1# - ADDED ENTRY--CORPORATE NAME
Corporate name or jurisdiction name as entry element Egypt.
Subordinate unit Maṣlaḥat al-Manājim wa-al-Maḥājir.

No items available.

Powered by Koha